000 00637nam a2200229 a 4500
001 BRCA_5312
005 20190320205028.0
008 021210s1948----enka######---#000-0#ger-#
041 _ager
044 _aenk
050 4 _aND1040
_b.C64 1948
100 1 _aCohn, William
_913626
245 1 0 _aChinesische Malerei
_cWilliam Cohn.
260 _aLondres
_bPhaidon
_c1948
300 _a31 p.
_bil., 224 láminas
_c31 cm.
500 _aIncluye lista de Dinastías Chinas e índice de ilustraciones
500 _aE90A
504 _aIncluye referencias bibliográficas
650 1 4 _aPintura China
_91214
902 _aGFM
942 _2lcc
_cB
999 _c5006
_d5006